Caste funtions hierarchy and social power : (Record no. 147965)

MARC details
000 -LEADER
fixed length control field 00654nam a22001937a 4500
005 - DATE AND TIME OF LATEST TRANSACTION
control field 20171212151249.0
010 ## - LCCN (DPL NO)
LC control number ENG-121854
020 ## - INTERNATIONAL STANDARD BOOK NUMBER
International Standard Book Number 9789380599366
Terms of availability 295.00
035 ## - SYSTEM CONTROL NUMBER
System control number EN-105386
037 ## - SOURCE OF ACQUISITION
Source of stock number/acquisition DBAD/PUB
082 ## - DEWEY DECIMAL CLASSIFICATION NUMBER
Classification number 305.51220954
100 ## - MAIN ENTRY--PERSONAL NAME
Personal name Nandi, Santi Bhusan
245 ## - TITLE STATEMENT
Title Caste funtions hierarchy and social power :
Remainder of title study of a rural society /
Statement of responsibility, etc by santi bhusan nandi
260 ## - PUBLICATION, DISTRIBUTION, ETC. (IMPRINT)
Place of publication, distribution, etc Kolkata
Name of publisher, distributor, etc Bimal Kumar Dhur of Academic Publisher
Date of publication, distribution, etc 2011
270 ## - ADDRESS
Address 5A Bhawani Dutta Lane
City Kolkata
Postal code 700073
300 ## - PHYSICAL DESCRIPTION
Extent 131p.
Dimensions 22cm(Hb)
500 ## - GENERAL NOTE
General note Includes bibliographical references<br/>
942 ## - ADDED ENTRY ELEMENTS (KOHA)
Source of classification or shelving scheme Dewey Decimal Classification
Item type English Books
Classification part 305.51220954
Call number suffix NAN
Holdings
Withdrawn status Lost status Not for loan Collection code Home library Current library Date acquired Source of acquisition Cost, normal purchase price Full call number Barcode Copy number Cost, replacement price Koha item type
    Not For Loan Non-fiction D.B.Act.Division Bawana 12/12/2017 DBAD/PUB 295.00 305.51220954 NAN EN-105386 1 295.00 English Books

© Delhi Public Library
Hit Counter
free hit counter